Los jóvenes están en... Libertad condicional: entrevista a Ana Inés Bertarelli /
Đã lưu trong:
| Tác giả chính: | |
|---|---|
| Định dạng: | Texto |
| Những chủ đề: | |
| Các nhãn: |
Thêm thẻ
Không có thẻ, Là người đầu tiên thẻ bản ghi này!
|
MARC
| LEADER | 00000 a a2200000 04500 | ||
|---|---|---|---|
| 001 | 4868 | ||
| 003 | |||
| 040 | |||
| 100 | |a Marengo, Ema B. | ||
| 245 | |a Los jóvenes están en... Libertad condicional: |b entrevista a Ana Inés Bertarelli / |c Ema B. Marengo | ||
| 650 | |a JUVENTUD | ||
| 650 | |a VIOLENCIA | ||
| 650 | |a EXCLUSION SOCIAL | ||
| 650 | |a GENERO | ||
| 773 | |g volumen 3, número 17 -18; páginas 38-43 | ||
| 999 | |c 24737 |d 24737 | ||
